[Event "Ramat Gan Dov Porat Blitz op"]
[Site "Ramat Gan"]
[Date "2023.10.06"]
[Round "2"]
[White "Leib, Yoni"]
[Black "Givon, Asaf"]
[Result "0-1"]
[WhiteElo "1918"]
[BlackElo "2428"]
[PlyCount "51"]
[EventDate "2023.10.06"]
[EventType "swiss (blitz)"]
[EventRounds "11"]
[EventCountry "ISR"]
[SourceTitle "EXT 2025"]
[Source "ChessBase"]
[SourceDate "2024.10.14"]
[SourceVersion "1"]
[SourceVersionDate "2024.10.14"]
[SourceQuality "1"]

1. Nf3 c5 2. b3 d6 3. Bb2 e5 4. e4 Nc6 5. Bb5 Nf6 6. Qe2 Be7 7. 0-0 0-0 8. h3 Nd4 9. Nxd4 cxd4 10. Bd3 d5 11. exd5 Qxd5 12. Re1 Bd6 13. c4 Qa5 14. Be4 Nxe4 15. Qxe4 f5 16. Qd5+ Qxd5 17. cxd5 b5 18. Na3 a6 19. Rac1 Bb7 20. f4 e4 21. Nc2 Bxf4 22. Rcd1 d3 23. Nd4 Bxd5 24. Rf1 Be5 25. Rxf5 Bxd4+ 26. Bxd4 0-1

[Event "ISR-chT U14"]
[Site "Afula"]
[Date "2022.08.23"]
[Round "7"]
[White "Goren, Yonathan"]
[Black "Leib, Yoni"]
[Result "0-1"]
[WhiteElo "1246"]
[BlackElo "1607"]
[PlyCount "80"]
[EventDate "2022.08.21"]
[EventType "team-tourn"]
[EventRounds "9"]
[EventCountry "ISR"]
[SourceTitle "CBM 210 Extra"]
[Source "ChessBase"]
[SourceDate "2022.11.30"]
[SourceVersion "1"]
[SourceVersionDate "2022.11.30"]
[SourceQuality "1"]

1. c4 e5 2. Nc3 Nf6 3. e3 d5 4. d4 exd4 5. exd4 Be7 6. Nge2 0-0 7. g3 c6 8. Bg2 dxc4 9. 0-0 Nd5 10. Be3 Be6 11. Rc1 b5 12. b3 cxb3 13. axb3 Nd7 14. Ne4 Rc8 15. Nf4 Nxf4 16. Bxf4 Qb6 17. Be3 Bd5 18. Qg4 f5 19. Qh3 Qb7 20. Nd2 Bxg2 21. Qxg2 Nf6 22. Nf3 Nd5 23. Ne5 Rfd8 24. Rfe1 a5 25. Qh3 g6 26. Qh6 Bf8 27. Qg5 Bg7 28. Ra1 Ra8 29. Nd3 Bf6 30. Qh6 Nxe3 31. fxe3 Be7 32. Nf4 Bf6 33. Nd3 Qe7 34. Qf4 Re8 35. h4 Qd7 36. Nc5 Qd5 37. Reb1 Be7 38. Nd3 Bf6 39. Nc5 Rxe3 40. Rd1 Rf3 0-1